Manual del jefe administrativo / (Record no. 149772)

MARC details
000 -LEADER
campo de control de longitud fija 00642nam a2200193 i 4500
001 - NÚMERO DE CONTROL
campo de control 149772
003 - IDENTIFICADOR DE NÚMERO DE CONTROL
campo de control ES-MaACL
005 - FECHA Y HORA DE LA ÚLTIMA TRANSACCIÓN
campo de control 20230906203242.0
007 - CAMPO FIJO DE DESCRIPCIÓN FÍSICA--INFORMACIÓN GENERAL
campo de control de longitud fija t|
008 - DATOS DE LONGITUD FIJA--INFORMACIÓN GENERAL
campo de control de longitud fija 071024s1972 sp ||||1| spa d
100 1# - ENTRADA PRINCIPAL--NOMBRE DE PERSONA
Nombre de persona Vautrin, Claude.
9 (RLIN) 113329
245 10 - MENCIÓN DEL TÍTULO
Título Manual del jefe administrativo /
Mención de responsabilidad, etc. Claude Vautrin, Jean Pierre Jolly, Pierre Ducasse ; [traducción y revisión: Bernardo Muñoz].
260 ## - PUBLICACIÓN, DISTRIBUCIÓN, ETC.
Lugar de publicación, distribución, etc. Barcelona :
Nombre del editor, distribuidor, etc. Sagitario,
Fecha de publicación, distribución, etc. [1972]
300 ## - DESCRIPCIÓN FÍSICA
Extensión 178 p. :
Otras características físicas il. ;
Dimensiones 22 cm.
700 1# - ENTRADA AGREGADA--NOMBRE PERSONAL
Nombre de persona Ducasse, Pierre.
9 (RLIN) 45804
700 1# - ENTRADA AGREGADA--NOMBRE PERSONAL
Nombre de persona Jolly, Jean Pierre.
9 (RLIN) 66802
700 1# - ENTRADA AGREGADA--NOMBRE PERSONAL
Nombre de persona Muñoz, Bernardo.
9 (RLIN) 84296
852 ## - LOCALIZACIÓN
Ubicación ES-MaACL
Número de control de estantería C-49741
Sublocalización o colección R.84407
Holdings
Estatus retirado Estado de pérdida Estado de daño No para préstamo Biblioteca de origen Biblioteca actual Ubicación en estantería Fecha de adquisición Fuente de adquisición Total de préstamos Signatura topográfica completa Código de barras Visto por última vez Precio de reemplazo Tipo de ítem Koha
        Biblioteca del Ateneo de Madrid Biblioteca del Ateneo de Madrid Depósito 2 17/01/2008     C-49741 1156288 23/02/2023 23/02/2023 Libro impreso